| 000 | 00672nam a2200217Ia 4500 | ||
|---|---|---|---|
| 005 | 20250508160826.0 | ||
| 008 | 008 250505s9999 xx 000 0 eng d | ||
| 020 | _a0-04-150049-0 | ||
| 037 | _aTextual | ||
| 040 |
_aFEDL _beng _cFEDL |
||
| 041 |
_aeng _2eng |
||
| 084 |
_a150, PET _qFEDL |
||
| 100 | _aPeters R S | ||
| 245 | 0 | _aPsychology and ethical development: A collection of articles on psychological theories ethical development and human understanding | |
| 260 |
_aLondon, UK _bGeorge Allen and Unwin Ltd. _c1974 |
||
| 300 | _a480p. | ||
| 365 |
_aINR _b1495 |
||
| 650 | _aPsychology | ||
| 942 |
_cTEXL _h150, PET |
||
| 999 |
_c1366827 _d1366827 |
||